Select the Countries in the Given Continent - Statistics

General Stats
  • This quiz has been taken 2,501 times
  • The average score is 91 of 96
Answer Stats
Question Tile Select % Correct
Asia Australia No
100%
Asia Brazil No
100%
Asia Bulgaria No
100%
Asia Somalia No
99%
Africa Italy No
98%
Asia Mongolia Yes
98%
Asia Nepal Yes
98%
Asia Taiwan Yes
98%
Asia Vietnam Yes
98%
Oceania Azerbaijan No
97%
Africa Barbados No
97%
Asia Bhutan Yes
97%
Oceania Canada No
97%
Oceania Denmark No
97%
Asia Egypt No
97%
North America Georgia No
97%
Oceania Guatemala No
97%
North America Iceland No
97%
Africa Japan No
97%
Asia Kazakhstan Yes
97%
Africa Malta No
97%
North America Portugal No
97%
North America Tunisia No
97%
North America Tuvalu No
97%
Europe Angola No
96%
Europe Belize No
96%
Africa Chad Yes
96%
North America Kiribati No
96%
Europe Kuwait No
96%
Africa Mozambique Yes
96%
Europe Nauru No
96%
Africa Nigeria Yes
96%
Africa Qatar No
96%
Africa Samoa No
96%
Europe South Korea No
96%
Africa Vanuatu No
96%
Africa Algeria Yes
95%
Europe Belgium Yes
95%
Europe France Yes
95%
Asia Iraq Yes
95%
Europe Morocco No
95%
Asia Seychelles No
95%
North America Suriname No
95%
Europe Sweden Yes
95%
Europe Switzerland Yes
95%
Africa Syria No
95%
Asia United Arab Emirates Yes
95%
Europe United Kingdom Yes
95%
North America United States Yes
95%
North America Venezuela No
95%
South America Andorra No
94%
Africa Cape Verde Yes
94%
North America Cuba Yes
94%
Oceania Federated States of Micronesia Yes
94%
South America Haiti No
94%
South America Kosovo No
94%
Oceania Malaysia No
94%
Oceania Marshall Islands Yes
94%
Oceania Mauritius No
94%
North America Mexico Yes
94%
Oceania Palau Yes
94%
Europe Romania Yes
94%
Oceania Singapore No
94%
Europe Slovenia Yes
94%
South America Solomon Islands No
94%
Europe Vatican City Yes
94%
Africa Yemen No
94%
Europe Belarus Yes
93%
Oceania New Zealand Yes
93%
Oceania Philippines No
93%
Oceania Samoa Yes
93%
South America Argentina Yes
92%
South America Chile Yes
92%
South America Colombia Yes
92%
North America Dominica Yes
92%
South America Dominican Republic No
92%
North America El Salvador Yes
92%
South America Guinea No
92%
North America Haiti Yes
92%
North America Honduras Yes
92%
North America Panama Yes
92%
South America Paraguay Yes
92%
South America Saint Lucia No
92%
Africa Togo Yes
92%
South America Ecuador Yes
91%
South America Peru Yes
91%
Oceania Australia Yes
90%
Africa Comoros Yes
90%
South America Costa Rica No
90%
Asia Papua New Guinea No
90%
Oceania Tonga Yes
90%
South America Nicaragua No
89%
Asia Maldives Yes
87%
Europe Armenia No
86%
South America Guyana Yes
85%
Oceania East Timor No
83%
No matching quizzes found
Score Distribution
Percent of People with Each Score
Percentile by Number Answered
Your Score History
You have not taken this quiz